Culture Générale - Série 2484 - Statistiques

Statistiques générales
  • Ce quiz a été pris 114 fois
  • Le résultat moyen est 3 sur 10
Statistiques - réponses
Question Réponse % Correct
Le fleuve Ienisseï traverse la Russie et la ... Mongolie
68%
Comment appelle-t-on les Habitants du Caire ? Cairotes
56%
Quelle rivière arrose Chartres ? Eure
52%
Quartier de San Polo à Venise, connu pour son marché et pour le pont qui porte son nom - voir photo Rialto
42%
Cette huile hydrate efficacement les cheveux secs, facilite le démêlage et favorise même la pousse des cheveux ricin
36%
Vieux et familier. Celui qui se bat souvent à l'épée, qui aime ferrailler - 8 lettres commençant par " b " bretteur
34%
Homme de main qui agit au nom d'un donneur d'ordre pour menacer, brutaliser ou tuer - 5 lettres commençant par " n " nervi
33%
Instrument de musique idiophone datant du Moyen Âge, aussi appelée brouan ou tartuleuil, et répandue aujourd'hui encore partout en Europe. De conception et d'utilisation simples, elle est un instrument populaire mais aussi un jouet pour les enfants. crécelle
9%
Trou (souvent plein d'eau ou de boue), dans un chemin défoncé - 9 lettres commençant par " f " fondrière
9%
Dans une abbaye bénédictine, moine nommé par l'abbé, ou moniale nommée par l'abbesse, pour les aider dans leur tâche spirituelle et les remplacer en cas d'absence. Dans certains ordres, supérieur local d'une communauté. prieur
7%
Aucun quiz correspondant
Distribution des résultats
% des personnes avec chaque résultat
Percentile par nombre de réponses
Votre historique - résultats
Vous n’avez pas pris ce quiz